| 000 | 00802 a2200241 4500 | ||
|---|---|---|---|
| 001 | 200129341 | ||
| 003 | TR-AnTOB | ||
| 005 | 20240522112134.0 | ||
| 008 | 240522b tu ||||| |||| 00| 0 tur d | ||
| 040 |
_aTR-AnTOB _beng _erda _cTR-AnTOB |
||
| 041 | _atur | ||
| 050 | 0 | 0 |
_aHD7358.25.T9 _bÇ33 2009 |
| 090 | _aHD7358.25.T9 Ç33 2009 | ||
| 245 | 0 | 0 |
_aÇağdaş mekanlarda herkese yeterli konut / _cTOKİ. |
| 264 | 1 |
_aAnkara : _bT.C. Başbakanlık Toplu Konut Dairesi Başkanlığı, _c2009. |
|
| 300 |
_a457 sayfa. : _bcol. ill. ; _c30 cm. |
||
| 650 | 0 |
_aKonut _xHukuk ve mevzuat _zTürkiye _933416 |
|
| 650 | 0 |
_aHousing _xLaw and legislation _zTurkey _933418 |
|
| 650 | 0 |
_aCluster housing _zTurkey _989330 |
|
| 650 | 0 |
_aToplu konut _zTürkiye _989331 |
|
| 942 |
_cBK _2lcc |
||
| 999 |
_c200129341 _d31688 |
||